LEADER 01022nam--2200349---450- 001 990003027260203316 005 20071204094103.0 035 $a000302726 035 $aUSA01000302726 035 $a(ALEPH)000302726USA01 035 $a000302726 100 $a20071204d1985----km-y0itay50------ba 101 $aita 102 $aIT 105 $a||||||||001yy 200 1 $aMolise 1860$ei giorni dell'unità$ecatalogo della mostra storico-documentaria$fArchivio di Stato di Campobasso 210 $aCampobasso$cArchivio di Stato$dcopyr. 1985 215 $aXXII, 217 p.$cill.$d29 cm 410 0$12001 454 1$12001 461 1$1001-------$12001 607 0 $aMolise$xStoria$xMostra iconografica$z1983 676 $a945.719 710 02$aArchivio di Stato $0183123 801 0$aIT$bsalbc$gISBD 912 $a990003027260203316 951 $aIV 3 ASC$b4697 DBC$cIV 3 959 $aBK 969 $aDBC 979 $aDBC$b90$c20071204$lUSA01$h0941 996 $aMolise 1860$91025523 997 $aUNISA LEADER 01064nam2-2200349li-450 001 990003225060203316 005 20180918155419.0 010 $a3-7643-3121-6 035 $a000322506 035 $aUSA01000322506 035 $a(ALEPH)000322506USA01 035 $a000322506 100 $a2002009041983-------y0itay0103----ba 101 0 $aeng 102 $aUS 200 1 $aUniqueness and non-uniqueness in the Cauchy problem$fClaude Zuily 210 $aBoston [etc.]$cBirkäuser$dcopyr. 1983 215 $aXI, 168p.$d24 cm 225 2$aProgress in mathematics$v33 410 1$100100033452$12001$aProgress in mathematics$v33 606 0$aTeoria degli operatori 676 $a515.353 700 1$aZUILY,$bClaude$013339 801 $aIT$bsalbc$gISBD 912 $a990003225060203316 951 $a510 PIM 33$b15510/CBS$c510$d00111827 959 $aBK 969 $aSCI 979 $aRSIAV7$b90$c20090422$lUSA01$h1427 979 $aRSIAV6$b90$c20091105$lUSA01$h1248 996 $aUniqueness and Non-Uniqueness in the Cauchy Problem$9346956 997 $aUNISA